Building surveys and inspections defined (Record no. 72004)
[ view plain ]
| 000 -LEADER | |
|---|---|
| fixed length control field | 01144cam a2200193 4500 |
| 001 - CONTROL NUMBER | |
| control field | WB3904-04 |
| 008 - FIXED-LENGTH DATA ELEMENTS--GENERAL INFORMATION | |
| fixed length control field | 030130n2003 000 0 eng u |
| 035 ## - SYSTEM CONTROL NUMBER | |
| System control number | (Sirsi) u121177 |
| 245 ## - TITLE STATEMENT | |
| Title | Building surveys and inspections defined |
| 260 ## - PUBLICATION, DISTRIBUTION, ETC. | |
| Date of publication, distribution, etc. | 2003 |
| 490 ## - SERIES STATEMENT | |
| Series statement | RICS Building Surveying Faculty News |
| Volume/sequential designation | 24 January 2003, (1) |
| 520 ## - SUMMARY, ETC. | |
| Summary, etc. | The Construction Industry Confederation (CIC), together with other professional bodies, has produced a free leaflet which clearly defines the various types of inspection and survey of existing buildings and those in the course of construction with a view to avoid different interpretations between professional bodies and their clients. The definitions may not necessarily apply outside England and Wales. The leaflet can be found at http://www.cic.org.uk/cascade/definitions.pdf http://www.rics.org/ricscms/bin/show?class=News&template=/includes/shownews.html&id=4695&faculty=Building%20Surveying&faculty=All%20Faculties |
| 590 ## - LOCAL NOTE (RLIN) | |
| Local note | WB |
| 650 ## - SUBJECT ADDED ENTRY--TOPICAL TERM | |
| Topical term or geographic name entry element | BUILDING SURVEYS |
| 650 ## - SUBJECT ADDED ENTRY--TOPICAL TERM | |
| Topical term or geographic name entry element | BUILDING INSPECTIONS |
| 650 ## - SUBJECT ADDED ENTRY--TOPICAL TERM | |
| Topical term or geographic name entry element | DEFINITIONS |
| 690 ## - LOCAL SUBJECT ADDED ENTRY--TOPICAL TERM (OCLC, RLIN) | |
| Topical term or geographic name as entry element | BUILT ENVIRONMENT-BUILDING INSPECTION |
| 942 ## - ADDED ENTRY ELEMENTS (KOHA) | |
| Suppress in OPAC | 0 |
| Withdrawn status | Lost status | Source of classification or shelving scheme | Damaged status | Not for loan | Home library | Current library | Shelving location | Date acquired | Total Checkouts | Full call number | Barcode | Date last seen | Copy number | Price effective from | Koha item type |
|---|---|---|---|---|---|---|---|---|---|---|---|---|---|---|---|
| Dewey Decimal Classification | London | London | News article | 30/01/2003 | WB3904-04 | 121177-1001 | 06/08/2019 | 1 | 06/08/2019 | News article |